| 000 | 00000nam##2200000za#4500 |
| 001 | 9.642470 |
| 003 | CaOODSP |
| 005 | 20210624223721 |
| 007 | cr ||||||||||| |
| 008 | 150407|1999||||xxc|||||o f|0| 0 fre|d |
| 040 | |aCaOODSP|bfre |
| 043 | |an-cn--- |
| 086 | 1 |aMP33-12/1999F-PDF |
| 110 | 1 |aCanada.|bDéveloppement des ressources humaines Canada. |bDirection générale de la recherche appliquée. |
| 245 | 10|aInvestir dans nos enfants - idées à retenir : |h[ressource électronique]|brapport de la Conférence nationale sur la recherche tenu à Ottawa, du 27 au 29 octobre 1998 / |c[révisé par] Molly Wolfe ; produit par les membres du personnel de la Direction des études sur la sécurité du revenu et le développement social. |
| 260 | |aHull - Québec : |bDéveloppement des ressources humaines Canada. |c1999. |
| 500 | |aLe n° de catalogue (MP33-12/1999F) et l'ISBN (0-662-83964-1) de l'édition imprimée ont été incorrectement copiés dans l'édition électronique. |
| 590 | |a13-22-Supp|b2013-09-26 |
| 691 | 07|aDéveloppement de l'enfant|2gcpds |
| 691 | 07|aEnfant|2gcpds |
| 691 | 07|aPolitique sociale|2gcpds |
| 720 | 1 |aWolfe, Molly |
| 775 | 08|tInvesting in children - ideas for action : |w(CaOODSP)9.698463 |
| 856 | 40|ahttp://publications.gc.ca|qPDF|s471 Ko|uhttps://publications.gc.ca/collections/collection_2013/rhdcc-hrsdc/MP33-12-1999-fra.pdf |